| 000 | 00773nam a22002057a 4500 | ||
|---|---|---|---|
| 999 |
_c6897 _d6897 |
||
| 003 | AR-CdUCM | ||
| 008 | 190319b ||||| |||| 00| 0 spa d | ||
| 040 |
_aMUNICIPALIDAD PROVINCIAL DEL CUSCO _cBIBLIOTECA MUNICIPAL DEL CUSCO |
||
| 082 |
_a150.306 / _bL16 |
||
| 100 |
_aLafourcade, Agustin _919435 |
||
| 245 |
_aMas allá en el amor : _bPsicología fundamental / |
||
| 260 |
_aMadrid : _bArazal, _c1971 |
||
| 300 |
_a201 páginas ; _c22 cm. |
||
| 505 | _aContenido : Fundamentación psicológica o amor y voluntad de ser -- Imagines y dinámica del comportamiento o la compensación equipara y es amor -- Contrastes en formas paralelas ... | ||
| 650 |
_aPsicologia _91538 |
||
| 650 |
_aEstudio _94228 |
||
| 650 |
_aHumana _919436 |
||
| 942 |
_2ddc _cLIBROS |
||
| 945 | _arah | ||